| 000 -LEADER |
| fixed length control field |
01432cam a2200313 i 4500 |
| 001 - CONTROL NUMBER |
| control field |
19306762 |
| 003 - CONTROL NUMBER IDENTIFIER |
| control field |
NUST |
| 005 - DATE AND TIME OF LATEST TRANSACTION |
| control field |
20221107164035.0 |
| 008 - FIXED-LENGTH DATA ELEMENTS--GENERAL INFORMATION |
| fixed length control field |
160929t20172017flua b 001 0 eng c |
| 010 ## - LIBRARY OF CONGRESS CONTROL NUMBER |
| LC control number |
2016044943 |
| 020 ## - INTERNATIONAL STANDARD BOOK NUMBER |
| International Standard Book Number |
9781498736831 (hardback ; alk. paper) |
| 020 ## - INTERNATIONAL STANDARD BOOK NUMBER |
| International Standard Book Number |
1498736831 (hardback ; alk. paper) |
| 040 ## - CATALOGING SOURCE |
| Original cataloging agency |
OU/DLC |
| Language of cataloging |
eng |
| Transcribing agency |
OU |
| Description conventions |
rda |
| Modifying agency |
DLC |
| 042 ## - AUTHENTICATION CODE |
| Authentication code |
pcc |
| 082 00 - DEWEY DECIMAL CLASSIFICATION NUMBER |
| Classification number |
535.2,POW |
| 100 1# - MAIN ENTRY--PERSONAL NAME |
| Personal name |
Powers, Peter E., |
| Relator term |
author. |
| 9 (RLIN) |
102429 |
| 245 10 - TITLE STATEMENT |
| Title |
Fundamentals of nonlinear optics / |
| Statement of responsibility, etc. |
Peter E. Powers, Joseph W. Haus. |
| 250 ## - EDITION STATEMENT |
| Edition statement |
Second edition. |
| 264 #1 - PRODUCTION, PUBLICATION, DISTRIBUTION, MANUFACTURE, AND COPYRIGHT NOTICE |
| Place of production, publication, distribution, manufacture |
Boca Raton : |
| Name of producer, publisher, distributor, manufacturer |
CRC Press, Taylor & Francis Group, |
| Date of production, publication, distribution, manufacture, or copyright notice |
[2017] |
| 264 #4 - PRODUCTION, PUBLICATION, DISTRIBUTION, MANUFACTURE, AND COPYRIGHT NOTICE |
| Date of production, publication, distribution, manufacture, or copyright notice |
©2017 |
| 300 ## - PHYSICAL DESCRIPTION |
| Extent |
xx, 480 pages : |
| Other physical details |
illustrations ; |
| Dimensions |
26 cm |
| 336 ## - CONTENT TYPE |
| Content type term |
text |
| Content type code |
txt |
| Source |
rdacontent |
| 337 ## - MEDIA TYPE |
| Media type term |
unmediated |
| Media type code |
n |
| Source |
rdamedia |
| 338 ## - CARRIER TYPE |
| Carrier type term |
volume |
| Carrier type code |
nc |
| Source |
rdacarrier |
| 505 0# - FORMATTED CONTENTS NOTE |
| Formatted contents note |
Introduction (Page-1), Linear optics (Page-15), Introduction to the nonlinear susceptibility (Page-65), Three-wave processes in the small-signal regime (Page-119), Quasi-phase matching (Page-161), Three-wave mixing beyond the small-signal limit (Page-183), x(2) devices (Page-207), x(3) processes (Page-239), Raman and Brillouin scattering (Page-291), Nonlinear optics including diffraction and dispersion (Page-337), Quantum nonlinear optics (Page-381), |
| 650 #0 - SUBJECT ADDED ENTRY--TOPICAL TERM |
| Topical term or geographic name entry element |
Nonlinear optics. |
| 9 (RLIN) |
79883 |
| 700 1# - ADDED ENTRY--PERSONAL NAME |
| Personal name |
Haus, Joseph W., |
| Dates associated with a name |
1948- |
| Relator term |
author. |
| 9 (RLIN) |
102430 |
| 942 ## - ADDED ENTRY ELEMENTS (KOHA) |
| Source of classification or shelving scheme |
|
| Koha item type |
Reference |